| Поле | Инд. | ПП | Название | Значение |
|---|---|---|---|---|
| Тип записи | a | |||
| Библиографический уровень | m | |||
| 001 | Контрольный номер | 4b97723be2fc451fa4f9ef17ddbe7202 | ||
| 005 | Дата корректировки | 20260402105203.7 | ||
| 008 | Кодируемые данные | 260402s1987 ru |||||||||||000|||rus|d | ||
| 040 | a | Служба первич. каталог. | ЦГБ г. В. Луки | |
| b | Код языка каталог. | rus | ||
| 041 | 0_ | a | Код языка текста | rus |
| 084 | 2 | Источник индекса | rubbk | |
| a | Индекс другой классификации/Индекс ББК | 65.049(2) | ||
| 090 | x | Авторский знак | Э 40 | |
| j | Имя библиотеки | ЦГБ г. В. Луки | ||
| 097 | b | Оператор | КИС-р | |
| 245 | 10 | a | Заглавие | Экономическая и социальная география СССР. История и современное развитие |
| b | Продолж. заглавия | книга для учителя | ||
| 250 | a | Основные сведения об издании | 2-е изд., перераб. | |
| 260 | a | Место издания | Москва | |
| b | Издательство | Просвещение | ||
| c | Дата издания | 1987 | ||
| 300 | a | Объем | 539 с. | |
| 650 | 14 | a | Основная рубрика | Экономическая география |
| 653 | 1_ | a | Ключевые слова | экономическая география |
| 901 | t | Тип документа | m |